| 000 | 00373nam a2200133Ia 4500 | ||
|---|---|---|---|
| 008 | 220216s9999 xx 000 0 und d | ||
| 100 | _aSerumgard J R | ||
| 245 | 0 | _aScrap tyre management : The united states perspective | |
| 260 |
_bProgress in Rubber and Plastics Technology _c1996 |
||
| 300 | _a121-134 | ||
| 650 | _aScrap tyre | ||
| 650 | _aTyre industry | ||
| 942 | _cJS | ||
| 999 |
_c68461 _d68461 |
||